Indovina La Regione Una Città #2 - Statistics

Statistiche generali
  • Questo quiz è stato fatto 170 volte
  • Il punteggio medio è 16 su 20
Statistiche sulle risposte
Città Regione % Corretto
Matera Basilicata
96%
Chieti Abruzzo
90%
Imola Emilia Romagna
88%
Alghero Sardegna
87%
Gela Sicilia
87%
Battipaglia Campania
82%
Aprilia Lazio
82%
Urbino Marche
82%
Foligno Umbria
82%
Isernia Molise
79%
Trani Puglia
79%
Rovereto Trentino Alto-Adige
79%
Lavagna Liguria
76%
Lamezia Terma Calabria
75%
Vigevano Lombardia
75%
Poggibonsi Toscana
73%
Schio Veneto
68%
Pinerolo Piemonte
67%
Monfalcone Friuli Venezia-Giulia
66%
Sarre Valle D'Aosta
65%
Nessun quiz corrispondente trovato
Distribuzione punteggi
Percentuale di utenti per punteggio
Percentile per numero di risposta
I tuoi punteggi nel tempo
Non hai fatto questo quiz